[Event "Scarborough CC Spring Swiss"]
[Site "Toronto"]
[Date "2007.05.03"]
[Round "8"]
[White "Lung, Stephen"]
[Black "Tursman, Richard"]
[Result "1/2-1/2"]
[WhiteElo "1614"]
[BlackElo "1533"]
[PlyCount "90"]
[EventDate "2007.03.15"]
[EventType "swiss"]
[EventRounds "8"]
[EventCountry "CAN"]
[SourceTitle "EXT 2022"]
[Source "ChessBase"]
[SourceDate "2021.10.06"]
[SourceVersion "1"]
[SourceVersionDate "2021.10.06"]
[SourceQuality "1"]

1. e4 d5 2. exd5 Nf6 3. d4 Qxd5 4. Nc3 Qa5 5. Bd2 c6 6. Ne4 Qb6 7. Nxf6+ gxf6 8. Bc3 Bf5 9. Bd3 Bg6 10. Nf3 Nd7 11. Nh4 e6 12. Qe2 0-0-0 13. 0-0-0 Bb4 14. Bxb4 Qxb4 15. Bxg6 hxg6 16. Nf3 Rh5 17. Rd3 Qb6 18. Rb3 Rb5 19. Rxb5 cxb5 20. c3 Kb8 21. Kb1 a5 22. a3 b4 23. axb4 axb4 24. cxb4 Qxb4 25. Rd1 Nb6 26. Qd2 Qb5 27. Qf4+ e5 28. Qxf6 Rd5 29. Nxe5 Na4 30. Nd3 Nc3+ 31. Kc2 Nxd1 32. Qxf7 Rxd4 33. Qf8+ Ka7 34. Qa3+ Ra4 35. Qc5+ Ka6 36. Qd6+ b6 37. Qb8 Qc4+ 38. Kd2 Qe4 39. Qd6 Ka7 40. Qd7+ Ka6 41. Qc8+ Ka5 42. b4+ Kb5 43. Qd7+ Qc6 44. Qxc6+ Kxc6 45. Kxd1 g5 1/2-1/2

[Event "Scarborough CC Spring Swiss"]
[Site "Toronto"]
[Date "2007.03.29"]
[Round "3"]
[White "Lung, Stephen"]
[Black "Graham, John"]
[Result "1-0"]
[WhiteElo "1606"]
[BlackElo "1481"]
[PlyCount "92"]
[EventDate "2007.03.15"]
[EventType "swiss"]
[EventRounds "8"]
[EventCountry "CAN"]
[SourceTitle "EXT 2022"]
[Source "ChessBase"]
[SourceDate "2021.10.06"]
[SourceVersion "1"]
[SourceVersionDate "2021.10.06"]
[SourceQuality "1"]

1. e4 d6 2. d4 e5 3. dxe5 Qe7 4. Nf3 dxe5 5. Nc3 c6 6. Bc4 Bg4 7. h3 Bh5 8. Bg5 f6 9. Be3 Nd7 10. Qd2 Nb6 11. Bb3 Rd8 12. Qe2 Bf7 13. 0-0 Qc7 14. Rfd1 Bb4 15. Rxd8+ Qxd8 16. Bxf7+ Kxf7 17. Rd1 Qc7 18. Na4 c5 19. Nxb6 axb6 20. a3 Ba5 21. Qc4+ Ke7 22. b4 Nh6 23. bxa5 f5 24. axb6 Qc6 25. Qxc5+ Qxc5 26. Bxc5+ Ke8 27. exf5 e4 28. Ng5 Nxf5 29. Nxe4 g6 30. Nd6+ Nxd6 31. Bxd6 Kf7 32. Bc7 Ra8 33. Rd7+ Kg8 34. Rd8+ Rxd8 35. Bxd8 Kf7 36. f4 Ke6 37. Kf2 Kd5 38. Ke3 h6 39. Kd3 h5 40. g4 hxg4 41. hxg4 Ke6 42. Ke4 Kd6 43. f5 gxf5+ 44. gxf5 Kd7 45. Bc7 Ke7 46. Ke5 Kf7 1-0

[Event "Scarborough CC Spring Swiss"]
[Site "Toronto"]
[Date "2007.03.22"]
[Round "2"]
[White "Karpik, Steve"]
[Black "Lung, Stephen"]
[Result "1/2-1/2"]
[WhiteElo "1600"]
[BlackElo "1606"]
[PlyCount "63"]
[EventDate "2007.03.15"]
[EventType "swiss"]
[EventRounds "8"]
[EventCountry "CAN"]
[SourceTitle "EXT 2022"]
[Source "ChessBase"]
[SourceDate "2021.10.06"]
[SourceVersion "1"]
[SourceVersionDate "2021.10.06"]
[SourceQuality "1"]

1. Nf3 d5 2. c4 c6 3. b3 e6 4. g3 Nf6 5. Bg2 Be7 6. Bb2 Nbd7 7. d3 0-0 8. 0-0 Re8 9. Nbd2 b6 10. cxd5 cxd5 11. e3 Bb7 12. d4 Rc8 13. Rc1 Rxc1 14. Qxc1 Qc8 15. Qxc8 Rxc8 16. Rc1 Rxc1+ 17. Bxc1 Ba6 18. Bf1 Nb8 19. Bxa6 Nxa6 20. a3 Kf8 21. Ne5 Nb8 22. h3 Ke8 23. Kf1 Nbd7 24. Nxd7 Kxd7 25. Ke2 Kc6 26. Kd3 Nd7 27. Nf3 Kb5 28. Bb2 Kc6 29. Kc2 Kb5 30. Kd3 Kc6 31. Kc2 Kb5 32. Kd3 1/2-1/2

[Event "Toronto Bayview Games Club #101"]
[Site "Toronto"]
[Date "2007.02.26"]
[Round "8"]
[White "Lung, Stephen"]
[Black "Jackiw, Mark"]
[Result "0-1"]
[WhiteElo "1529"]
[BlackElo "1465"]
[PlyCount "156"]
[EventDate "2007.01.08"]
[EventType "tourn"]
[EventRounds "9"]
[EventCountry "CAN"]
[SourceTitle "EXT 2022"]
[Source "ChessBase"]
[SourceDate "2021.10.06"]
[SourceVersion "1"]
[SourceVersionDate "2021.10.06"]
[SourceQuality "1"]

1. e4 c5 2. Nf3 Nf6 3. Nc3 Nc6 4. d4 d5 5. exd5 Nxd5 6. Nxd5 Qxd5 7. Be3 c4 8. Be2 g6 9. 0-0 Bg7 10. c3 0-0 11. Nd2 Na5 12. Qa4 Bd7 13. Bxc4 Qf5 14. Qb4 Nxc4 15. Nxc4 Qe6 16. Nd2 b6 17. Rfe1 a5 18. Qb3 Qf6 19. Ne4 Qc6 20. d5 Qb7 21. Nc5 Qc7 22. Nxd7 Qxd7 23. Qxb6 Qxd5 24. Qc5 Qb7 25. Rab1 Rfb8 26. Bf4 Re8 27. Qc7 Qxc7 28. Bxc7 e6 29. Red1 a4 30. a3 Rec8 31. Bd6 Ra6 32. Bb4 Rac6 33. Rd3 f5 34. Rbd1 h5 35. Rd8+ Kh7 36. Rxc8 Rxc8 37. Rd6 Bf8 38. Rd7+ Kg8 39. Bxf8 Kxf8 40. f3 Rb8 41. Rd2 Ke7 42. Kf2 e5 43. Ke3 g5 44. c4 Rb3+ 45. Ke2 g4 46. c5 Rb5 47. Rc2 Kd7 48. c6+ Kc7 49. g3 Rb6 50. fxg4 hxg4 51. Kd3 Rxc6 52. Re2 Kd6 53. Rd2 e4+ 54. Kd4 Ke6 55. Re2 Rd6+ 56. Ke3 Ke5 57. Rc2 Rd3+ 58. Ke2 Kd4 59. Rc7 Rb3 60. Rd7+ Ke5 61. Rd2 f4 62. gxf4+ Kxf4 63. Rc2 Rh3 64. Kf1 Kf3 65. Rc3+ e3 66. Kg1 Ke2 67. Rc2+ Kd3 68. Rc3+ Kd2 69. Kg2 e2 70. Rxh3 gxh3+ 71. Kxh3 e1Q 72. Kg4 Qe4+ 73. Kg5 Ke3 74. Kf6 Kf4 75. Kf7 Kf5 76. Kf8 Kf6 77. Kg8 Qe7 78. h4 Qg7# 0-1

[Event "Toronto Bayview Games Club #102"]
[Site "Toronto"]
[Date "2007.02.26"]
[Round "4"]
[White "Lung, Stephen"]
[Black "Johnson, Wylie"]
[Result "0-1"]
[WhiteElo "1529"]
[BlackElo "1566"]
[PlyCount "97"]
[EventDate "2007.02.05"]
[EventType "tourn"]
[EventRounds "9"]
[EventCountry "CAN"]
[SourceTitle "EXT 2022"]
[Source "ChessBase"]
[SourceDate "2021.10.06"]
[SourceVersion "1"]
[SourceVersionDate "2021.10.06"]
[SourceQuality "1"]

1. e4 e5 2. Nf3 Nf6 3. Nc3 Nc6 4. d4 d6 5. Bb5 Bd7 6. 0-0 Be7 7. Re1 0-0 8. dxe5 dxe5 9. Nd5 h6 10. Nxe7+ Qxe7 11. b3 a6 12. Bd3 Bg4 13. h3 Bh5 14. Bb2 Rad8 15. Qe2 Rd7 16. a3 Rfd8 17. Qe3 Bxf3 18. Qxf3 Nd4 19. Qe3 Nxb3 20. Rab1 b5 21. Bxe5 Nd4 22. Bxd4 Rxd4 23. Ra1 c5 24. f3 c4 25. Bf1 Qe5 26. f4 Qxe4 27. Qxe4 Nxe4 28. Rac1 Ng3 29. Kh2 Nxf1+ 30. Rxf1 Rd2 31. Kg3 Re2 32. Rf2 Rdd2 33. Rxe2 Rxe2 34. Kf3 Rd2 35. g3 f5 36. Ke3 c3 37. Kf3 Kf7 38. g4 Kf6 39. gxf5 Kxf5 40. h4 Rd4 41. Ke3 Rxf4 42. Kd3 Rxh4 43. Kxc3 Rc4+ 44. Kb3 g5 45. Rh1 Kg6 46. c3 g4 47. Rh4 g3 48. Rxc4 bxc4+ 49. Kxc4 0-1

[Event "Scarborough CC-ch reserves"]
[Site "Toronto"]
[Date "2007.02.08"]
[Round "6"]
[White "Lung, Stephen"]
[Black "Moran, Mario"]
[Result "1/2-1/2"]
[WhiteElo "1559"]
[BlackElo "1751"]
[PlyCount "72"]
[EventDate "2007.01.04"]
[EventType "swiss"]
[EventRounds "9"]
[EventCountry "CAN"]
[SourceTitle "EXT 2022"]
[Source "ChessBase"]
[SourceDate "2021.10.06"]
[SourceVersion "1"]
[SourceVersionDate "2021.10.06"]
[SourceQuality "1"]

1. e4 c5 2. Nf3 d6 3. d4 cxd4 4. Nxd4 Nf6 5. Nc3 a6 6. Be2 Nc6 7. 0-0 Bd7 8. Be3 e6 9. Qd2 Be7 10. a3 0-0 11. Rfd1 Rc8 12. Rac1 Ne5 13. f3 Nc4 14. Bxc4 Rxc4 15. Qd3 Rc8 16. Nb3 e5 17. Bg5 Be6 18. Bxf6 gxf6 19. Nd5 Bxd5 20. Qxd5 Qb6+ 21. Kh1 Kh8 22. c3 Rc6 23. Rc2 Qb5 24. Qxb5 axb5 25. Rd5 Rb6 26. Nd2 Rc8 27. g3 Kg7 28. Nf1 b4 29. axb4 Rxb4 30. Ne3 Rb6 31. Nf5+ Kf8 32. Rcd2 Rd8 33. Kg2 Ke8 34. Nxe7 Kxe7 35. f4 Ra8 36. Rc2 Ra2 1/2-1/2

[Event "Scarborough CC-ch reserves"]
[Site "Toronto"]
[Date "2007.02.01"]
[Round "5"]
[White "Karpik, Steve"]
[Black "Lung, Stephen"]
[Result "1/2-1/2"]
[WhiteElo "1600"]
[BlackElo "1559"]
[PlyCount "77"]
[EventDate "2007.01.04"]
[EventType "swiss"]
[EventRounds "9"]
[EventCountry "CAN"]
[SourceTitle "EXT 2022"]
[Source "ChessBase"]
[SourceDate "2021.10.06"]
[SourceVersion "1"]
[SourceVersionDate "2021.10.06"]
[SourceQuality "1"]

1. Nf3 Nc6 2. c4 e5 3. d3 Nf6 4. g3 d6 5. Bg2 Be7 6. Nc3 Bd7 7. a3 a6 8. b4 0-0 9. Bb2 Rb8 10. Nd5 Nxd5 11. cxd5 Na7 12. e4 c6 13. dxc6 Nxc6 14. 0-0 Be6 15. d4 exd4 16. Nxd4 Nxd4 17. Bxd4 b5 18. Re1 Re8 19. Rc1 Rc8 20. Qd2 Qd7 21. Re3 Rxc1+ 22. Qxc1 Rc8 23. Rc3 Rxc3 24. Qxc3 Qc8 25. Qxc8+ Bxc8 26. e5 dxe5 27. Bxe5 f6 28. Bd4 Kf7 29. Kf1 Ke6 30. Bh3+ Kd5 31. Bxc8 Kxd4 32. Bxa6 Kc4 33. a4 Bxb4 34. Bxb5+ Kd4 35. Ke2 h6 36. f3 g5 37. g4 Ke5 38. Bd7 Kd4 39. Bf5 1/2-1/2

[Event "Scarborough CC Late Fall Swiss"]
[Site "Toronto"]
[Date "2006.12.21"]
[Round "8"]
[White "Dattani, Dinesh"]
[Black "Lung, Stephen"]
[Result "0-1"]
[WhiteElo "1347"]
[BlackElo "1529"]
[PlyCount "60"]
[EventDate "2006.11.02"]
[EventType "swiss"]
[EventRounds "8"]
[EventCountry "CAN"]
[SourceTitle "EXT 2022"]
[Source "ChessBase"]
[SourceDate "2021.10.06"]
[SourceVersion "1"]
[SourceVersionDate "2021.10.06"]
[SourceQuality "1"]

1. e4 e5 2. Nf3 Nc6 3. Bb5 a6 4. Ba4 Nf6 5. 0-0 b5 6. Bb3 d6 7. d3 Bg4 8. h3 Bh5 9. g4 Bg6 10. Nh4 Be7 11. Nxg6 hxg6 12. Kg2 Na5 13. Nd2 Nxb3 14. Nxb3 d5 15. Na5 Qd6 16. Bg5 Nh5 17. Bxe7 Nf4+ 18. Kh2 Rxh3+ 19. Kg1 Kxe7 20. f3 Qb6+ 21. Rf2 Qxa5 22. Rh2 Qb6+ 23. d4 Rah8 24. Rxh3 Rxh3 25. exd5 Nxd5 26. c3 Nf4 27. Qe1 f6 28. Rd1 Rxf3 29. Kh2 Rh3+ 30. Kg1 Qc6 0-1

[Event "Scarborough CC Late Fall Swiss"]
[Site "Toronto"]
[Date "2006.11.02"]
[Round "1"]
[White "Lung, Stephen"]
[Black "Armstrong, Robert J"]
[Result "0-1"]
[WhiteElo "1323"]
[BlackElo "1672"]
[PlyCount "108"]
[EventDate "2006.11.02"]
[EventType "swiss"]
[EventRounds "8"]
[EventCountry "CAN"]
[SourceTitle "EXT 2022"]
[Source "ChessBase"]
[SourceDate "2021.10.06"]
[SourceVersion "1"]
[SourceVersionDate "2021.10.06"]
[SourceQuality "1"]

1. e4 g6 2. d4 Bg7 3. Nf3 d6 4. h3 Nf6 5. Nc3 0-0 6. Bd3 c5 7. dxc5 dxc5 8. 0-0 Nc6 9. Be3 b6 10. Qd2 Bb7 11. Bh6 Nd4 12. Nh2 Qc7 13. Bxg7 Kxg7 14. Rfe1 e5 15. Qd1 Rad8 16. Nf3 c4 17. Bf1 Nb3 18. Qe2 Nxa1 19. Rxa1 Rfe8 20. Re1 Ba6 21. a4 Qc5 22. Na2 b5 23. axb5 Bxb5 24. Nc3 a6 25. Nxb5 axb5 26. b3 cxb3 27. cxb3 b4 28. Qc4 Qxc4 29. Bxc4 Re7 30. Kf1 Rc8 31. Ke2 Nxe4 32. Rc1 f5 33. Nd2 Nxd2 34. Kxd2 e4 35. Ke3 g5 36. g3 Kf6 37. h4 gxh4 38. gxh4 Ke5 39. f4+ exf3 40. Kxf3 Rg7 41. Re1+ Kd6 42. Kf4 Rg4+ 43. Kxf5 Rxh4 44. Kg5 Rhxc4 45. bxc4 Rxc4 46. Kh6 Rc7 47. Rb1 Rb7 48. Rb3 Kc5 49. Kg5 Kc4 50. Rb1 b3 51. Kf4 Kc3 52. Ke3 b2 53. Rh1 b1Q 54. Rxb1 Rxb1 0-1